Statistics for All Formula 1 Haas drivers

Click here to take the quiz!

General Stats

  • This quiz has been taken 1,357 times
    (301 since last reset)
  • The average score is 6 of 7

Answer Stats

YearsNo. of racesNameNationality% Correct
2017–20, 2022–present126Kevin MagnussenDenmark
100%
2021–2244Mick SchumacherGermany
98%
2023–present25Nico HülkenbergGermany
97%
202122Nikita MazepinRussia
94%
2016–2098Romain GrosjeanFrance
94%
20202Pietro FittipaldiBrazil
70%
201621Esteban GutiérrezMexico
64%

Score Distribution

Percentile by Number Answered

Percent of People with Each Score

Your Score History

You have not taken this quiz since the last reset